Historia de Alejandro Magno / (Record no. 112013)

MARC details
000 -CABECERA
campo de control de longitud fija 00892nam a2200241 a 4500
005 - FECHA Y HORA DE LA ÚLTIMA TRANSACCIÓN
campo de control 20220911205843.0
008 - ELEMENTOS DE LONGITUD FIJA--INFORMACIÓN GENERAL
campo de control de longitud fija 050828s1986 es r 000 0 spa d
020 ## - NÚMERO INTERNACIONAL NORMALIZADO PARA LIBROS
Número Internacional Estándar del Libro 8476343035
035 ## - NÚMERO DE CONTROL DEL SISTEMA
Número de control de sistema UPN01000139865
049 ## - COLECCIÓN
Colección CG
050 #4 - SIGNATURA TOPOGRÁFICA DE LA BIBLIOTECA DEL CONGRESO
Número de clasificación PA6377
Número de documento/Ítem C8.4
100 1# - ASIENTO PRINCIPAL--NOMBRE PERSONAL
Nombre de persona Curcio Rufo, Quinto
9 (RLIN) 27905
245 10 - MENCIÓN DE TÍTULO
Título Historia de Alejandro Magno /
Mención de responsabilidad, etc. Quinto Curcio Rufo ; tr. y anotaciones Flor Robles Villafranca ; pról. Emiliano M. Aguilera.
260 ## - PUBLICACIÓN, DISTRIBUCIÓN, ETC.
Lugar de publicación, distribución, etc. Barcelona, Esp. :
Nombre del editor, distribuidor, etc. Orbis,
Fecha de publicación, distribución, etc. 1986.
300 ## - DESCRIPCIÓN FÍSICA
Extensión 221 p.
440 #0 - MENCIÓN DE SERIE/ASIENTO SECUNDARIO--TÍTULO
Título Biblioteca de historia ;
Designación de volumen o secuencia 48
534 ## - NOTA SOBRE LA VERSIÓN ORIGINAL
Frase introductoria Título original:
Mención de título del original De rebus gestis Alexandri Magni
600 00 - ASIENTO SECUNDARIO DE MATERIA - NOMBRE PERSONAL
Nombre de persona Alejandro
Numeración III,
Títulos y otros términos asociados al nombre El Magno,
Fechas asociadas al nombre 356-323 a.C.
9 (RLIN) 4128
651 #4 - ASIENTO SECUNDARIO DE MATERIA - NOMBRE GEOGRAFICO
Nombre geográfico GRECIA -
Subdivisión general REYES Y GOBERNANTES -
Subdivisión de forma BIOGRAFIA
651 #4 - ASIENTO SECUNDARIO DE MATERIA - NOMBRE GEOGRAFICO
Nombre geográfico GRECIA -
Subdivisión general HISTORIA -
Subdivisión cronológica EXPANSION MACEDONICA, 359-323 A.C.
9 (RLIN) 4129
650 #4 - ASIENTO SECUNDARIO DE MATERIA - TERMINO TEMATICO
Término de materia o nombre geográfico como elemento de entrada GENERALES -
Subdivisión geográfica GRECIA -
Subdivisión de forma BIOGRAFIA
9 (RLIN) 24075
905 ## - TIPO DE MATERIAL
Tipo de material Libro
Holdings
Estado de retiro Estado de pérdida Fuente del sistema de clasificación o colocación Estado dañado No para préstamo Código de colección Localización permanente Ubicación/localización actual Ubicación en estantería Total de préstamos Clasificación Código de barras Fecha visto por última vez Número de copia Tipo de ítem Koha
    Library of Congress Classification     Colección General Bib. Gregorio Torres Quintero Bib. Gregorio Torres Quintero Planta baja 3 PA6377 C8.4 231958 31/12/2020 1 Libro